000 00620nam a2200205 i 4500
001 72451
003 ES-MaACL
005 20230906171436.0
007 t|
008 040901s1933 fr ||||1| fre d
100 1 _aGiraud, Victor.
_957245
245 1 3 _aLa vie tragique de Lamennais /
_cVictor Giraud.
260 _aParis :
_bFélix Alcan,
_c1933 (
_fPresses Universitaires de France)
300 _aVIII, 188 p. ;
_c18 cm.
490 1 _aLes enigmes de l'histoire
600 0 4 _aLamennais, Félicité.
_969843
830 0 _aLes enigmes de l'histoire
_9231113
852 _aES-MaACL
_jA-2119
999 _c72451
_d72451